US States Without ‘America’ - Map Quiz - Statistics

General Stats
  • This quiz has been taken 31 times
  • The average score is 14 of 20
Answers on the Map
Answers color-coded by a green-red scale on the quiz's map according to % correct below.
 
Answer Stats
Answer % Correct
Vont
96%
Knss
92%
Oklho
92%
Vgn
88%
Dlw
84%
Wyong
84%
Zon
84%
Lsk
80%
Onntut
80%
Sssspp
80%
Nbsk
76%
Ssou
76%
Olodo
72%
Hod Slnd
64%
Ow
64%
Ndn
56%
Ylnd
52%
N
48%
Hgn
36%
Onto
20%
No matching quizzes found
Score Distribution
Percent of People with Each Score
Percentile by Number Answered
Your Score History
You have not taken this quiz